000 01156nam a2200241 i 4500
003 IT-RoINE
008 230913s1677 sp ||||| |||| 00| | spa d
026 _an-a. deco
_be,or papu (3)
_c1677 (A)
_dt. 1
040 _aIT-RoINE
_dIT-RoINE
100 1 _972162
_aBarcia y Zambrana, José de,
_cObispo de Cádiz,
_dm. 1º695
245 1 0 _aDespertador christiano de sermones doctrinales sobre particulares assumptos, dispuesto para que buelva en su acuerdo el pecador, y vença el peligroso letargo de las culpas animandose à la penitencia ... su autor Ioseph de Barzia y Zambrana ...
260 _aEn Granada :
_bImprenta Real de Francisco de Ochoa,
_c[1677]
300 _av. ;
_c8º.
336 _2rdacontent
_atext
337 _2rdamedia
_aunmediated
338 _2rdacarrier
_avolume
596 _aImpresso en Granada en la Imprenta Real de Francisco de Ochoa, impressor del Santo Oficio en Calle de Abenamar, Año de 1677.
597 _aSign.:    ¶-¶¶¶4, A-3V4.
597 _aTexto a dos columna y apostollas marginales.
700 1 _972163
_aOchoa, Francisco de,
_dactivo 1672-1710
_eimpresor
752 _aEspaña,
_dGranada
942 _2ddc
_cLA
999 _c37426
_d37426